Five Least Guessed Country Flags by Continent - Statistics

General Stats
  • This quiz has been taken 6,483 times
    4,755 since last reset
  • The average score is 25 of 30
Answer Stats
Continent % Country % Correct
Europe 34 {Moldova}
91%
South America 39 {Ecuador}
90%
Europe 39 {Liechtenstein}
90%
Europe 35 {Andorra}
90%
Asia 34 {Mongolia}
89%
Asia 30 {Kyrgyzstan}
89%
Europe 35 {Montenegro}
89%
South America 24 {Suriname}
89%
South America 35 {Paraguay}
88%
South America 28 {Guyana}
88%
Europe 35 {Lithuania}
87%
South America 19 {Bolivia}
84%
Oceania 28 {Samoa}
84%
Asia 28 {East Timor}
84%
Asia 36 {Maldives}
83%
Oceania 23 {Tuvalu}
83%
North America 22 {Saint Vincent and}{the Grenadines}
83%
North America 26 {Guatemala}
83%
North America 27 {Dominica}
83%
Oceania 28 {Nauru}
83%
North America 24 {Grenada}
82%
Asia 31 {Tajikistan}
82%
Oceania 24 {Vanuatu}
82%
North America 24 {Saint Kitts and Nevis}
81%
Oceania 19 {Solomon Islands}
81%
Africa 23 {Guinea}
77%
Africa 22 {São Tomé and Príncipe}
74%
Africa 22 {Mauritius}
73%
Africa 19 {Gambia}
72%
Africa 19 {Guinea-Bissau}
70%
No matching quizzes found
Score Distribution
Percent of People with Each Score
Percentile by Number Answered
Your Score History
You have not taken this quiz since the last reset